000
00327 a2200109 4500
001
ART_6932
005
20260410161659.0
008
260409a
245
1
0
_a
Una nota sobre regresiones con variables integradas
100
1
_a
Ahumada, Hildegart
773
0
_t
Ensayos Económicos
_g
- Nº 45 (oct. 2006)
_w
REV620
999
_c
15017
_d
15017